Statistiche per Paesi più vicini al Kirghizistan

Clicka qui per fare il quiz!

Statistiche generali

  • Questo quiz è stato fatto 42 volte
  • Il punteggio medio è 18 su 20

Statistiche sulle risposte

kmnazione% Corretto
0Cina
100%
525India
100%
920Mongolia
100%
886Russia
100%
0Tagikistan
100%
0Kazakistan
97%
1197Nepal
97%
262Pakistan
95%
0Uzbekistan
95%
101Afghanistan
92%
1937Armenia
92%
1606Azerbaijan
92%
1906Georgia
92%
787Iran
92%
2058Iraq
92%
290Turkmenistan
85%
1871Bangladesh
79%
1764Bhutan
79%
1937Emirati Arabi Uniti
46%
1890Oman
46%

Distribuzione punteggi

Percentile per numero di risposta

Percentuale di utenti per punteggio

I tuoi punteggi nel tempo

Non hai fatto questo quiz